| 000 | 00699nam a2200217Ia 4500 | ||
|---|---|---|---|
| 005 | 20230504104837.0 | ||
| 008 | 210716s2015 xx 000 0 und d | ||
| 020 | _a9789351968924 | ||
| 040 | _cAIMIT LIBRARY | ||
| 041 | _aeng | ||
| 082 |
_a004.694 _21 _bCHAR |
||
| 100 |
_aChandulal, Rekha. _997522 |
||
| 245 |
_aEcommerce unmasked: _bhidden secrets to fight online battles / _cBy Rekha Chandulal. |
||
| 250 | _a1st ed. | ||
| 260 |
_c2015. _aBangalore: _bModern Printers, |
||
| 300 |
_a136p. ; _bPB _c23 cm. |
||
| 650 |
_aEcommerce management _997523 |
||
| 650 |
_aJumping into ecommerce _997524 |
||
| 650 |
_aSecurity tips RBI and bank guidelines _997525 |
||
| 942 |
_2ddc _cBK _e1st _k004.694 CHAR |
||
| 999 |
_c195571 _d195571 |
||